000 00826nam a2200229 i 4500
001 116550
003 ES-MaACL
005 20230906190727.0
007 t|
008 061121s1914 it r ||||1| lat d
100 1 _aPaulo Diácono.
_989659
245 1 0 _aPauli Diaconi Historia Romana /
_ca cura di Amedeo Crivellucci.
260 _aRoma :
_b[Istituto Storico Italiano],
_c1914 (
_fTip. del Senato)
300 _aLII, 303 p., [5] h. de lám. ;
_c27 x 18 cm.
490 1 _aFonti per la storia d'Italia (Istituto Storico Italiano) ;
_v51
546 _aEdición en latín e italiano.
651 4 _aRoma-
_xHistoria-
_vFuentes.
_99315
700 1 _aCrivellucci, Amedeo.
_941653
830 1 _aFonti per la storia d'Italia (Istituto Storico Italiano) ;
_v51
_9233313
852 4 _aES-MaACL
_jG-935
999 _c116550
_d116550